| 000 | 00840cam a2200217 4500 | ||
|---|---|---|---|
| 001 | J63619 | ||
| 008 | 000000n2001 000 0 eng u | ||
| 035 | _a(Sirsi) u111043 | ||
| 041 | _aeng | ||
| 050 | _a692.8 | ||
| 110 |
_aJoint Contracts Tribunal _93664 |
||
| 245 | _aStandard Form of Measured Term Contract 1998 edition - amendment 3 and guidance notes - issued January 2001 | ||
| 260 |
_aLondon _bRIBA Publications _c2001 |
||
| 300 | _a8p. ; 30cm. | ||
| 520 | _aTerrorism cover/Joint Fire Code/CIS/SIMM | ||
| 650 | _aBUILT ENVIRONMENT-BUILDING CONTRACT FORMS | ||
| 650 | _aJCT STANDARD FORM OF BUILDING CONTRACT (1998 EDITION) | ||
| 650 | _aBUILT ENVIRONMENT-BUILDING CONTRACT FORMS-STANDARD FORMS OF BUILDING CONTRACT-JOINT CONTRACTS TRIBNUAL CONTRACTS | ||
| 690 | _aBUILT ENVIRONMENT-BUILDING CONTRACT FORMS | ||
| 942 | _n0 | ||
| 999 |
_c101179 _d101179 |
||